000 00477nam a22001817a 4500
003 CEME
005 20210628205139.0
008 201231b xxu||||| |||| 00| 0 eng d
020 _a9780529114297
040 _cceme
082 _a658.4022
100 _aL MAXWELL, JOHN C
_974166
245 _aUltimate leadership,maximize your petential and empower your team
260 _aUSA
_bNELSON
_c2001
300 _a725P
650 _aULTIMATE LEADERSHIP
_974167
942 _cBK
_2ddc
999 _c579727
_d579727